000 00844nam a2200217 i 4500
001 39612
003 ES-MaACL
005 20241112183822.0
007 t|
008 030303s1887 sp |||| | spa d
100 1 _aCánovas del Castillo, Antonio,
_d1828-1897
_934600
_eaut
245 1 0 _aObras poéticas /
_cde Antonio Cánovas del Castillo ; [historia de este libro por Mariano Catalina].
260 _aMadrid :
_b[s.n.,
_c1887] (
_fImp. de A. Pérez Dubrull)
300 _aXXXI, 367 p. ;
_c17 cm.
530 _aDisponible en formato digital
700 0 _aCatalina, Mariano
_937037
_eclb
852 _x
_aBA
_jR-2266 Olim: F-12450
856 _uhttps://bvpb.mcu.es/es/consulta/registro.do?id=602678
_yVersión en línea
_z(Biblioteca Virtual del Patrimonio Bibliográfico)
942 _2udc
999 _c39612
_d39612